[Event "chess.com SpeedChess 2023"]
[Site "chess.com INT"]
[Date "2023.09.11"]
[Round "1.3"]
[White "Caruana, Fabiano"]
[Black "Abdusattorov, Nodirbek"]
[Result "1/2-1/2"]
[WhiteTitle "GM"]
[BlackTitle "GM"]
[WhiteElo "2786"]
[BlackElo "2716"]
[WhiteFideId "2020009"]
[BlackFideId "14204118"]
[EventDate "2023.09.04"]
[EventType "k.o."]

1. d4 Nf6 2. c4 e6 3. Nc3 d5 4. cxd5 Nxd5 5. e4 Nxc3 6. bxc3 c5 7. Rb1 cxd4 8.
cxd4 Nc6 9. Nf3 Bb4+ 10. Bd2 a5 11. Bxb4 axb4 12. Bc4 O-O 13. O-O Qd6 14. Qd2
Rd8 15. Rfd1 h6 16. h3 Bd7 17. d5 exd5 18. exd5 Na5 19. Rxb4 Nxc4 20. Rxc4 Ra3
21. Qb4 Qxb4 22. Rxb4 Rxa2 23. Ne5 Re2 24. Nd3 Bf5 25. Nc5 Re5 26. Rbd4 b6 27.
Na6 Re4 28. Rxe4 Bxe4 29. Nb4 Kf8 30. f3 Bf5 31. Kf2 Rc8 32. Nc6 Bd7 33. Ne5 Ke8
34. Rb1 Rc5 35. Rxb6 Rxd5 36. Nxd7 Rxd7 37. Rb2 1/2-1/2

[Event "chess.com SpeedChess 2023"]
[Site "chess.com INT"]
[Date "2023.09.11"]
[Round "1.4"]
[White "Abdusattorov, Nodirbek"]
[Black "Caruana, Fabiano"]
[Result "1/2-1/2"]
[WhiteTitle "GM"]
[BlackTitle "GM"]
[WhiteElo "2716"]
[BlackElo "2786"]
[WhiteFideId "14204118"]
[BlackFideId "2020009"]
[EventDate "2023.09.04"]
[EventType "k.o."]

1. d4 Nf6 2. c4 e6 3. Nf3 d5 4. g3 Be7 5. Bg2 O-O 6. O-O dxc4 7. Nc3 Nc6 8. Ne5
Nxe5 9. dxe5 Nd7 10. Bf4 Rb8 11. Qc2 b5 12. Rad1 Bb7 13. Bxb7 Rxb7 14. Qe4 c6
15. Qxc6 Qc8 16. Qxc8 Rxc8 17. Nxb5 Nxe5 18. Nd6 Bxd6 19. Rxd6 Ng6 20. Rfd1 h6
21. Bc1 Rcc7 22. f3 Ne7 23. Bf4 Kh7 24. Be5 f6 25. Bc3 e5 26. Kf2 Nf5 27. Ra6
Nd4 28. Rd2 Nb5 29. Ba5 Rc8 30. a4 c3 31. Rc2 Nc7 32. Rxc3 Nxa6 33. Rxc8 Rxb2
34. Ra8 Rb7 35. Rc8 Nb4 36. Rc4 Nd5 37. Rc5 Ne7 38. Bc3 Kg6 39. g4 Kf7 40. Ra5
Nc6 41. Ra6 Nb8 42. Rd6 Nd7 43. Ke3 Nb6 44. Rc6 Nxa4 45. Ba5 Nb6 46. Kf2 Nd5 47.
Ra6 Nf4 48. Bd2 Nd5 49. h4 Nc7 50. Rc6 Ne6 51. Ra6 Nc5 52. Ra3 Nd7 53. Be3 Nb6
54. Ra6 Nc8 55. g5 hxg5 56. hxg5 Nb6 57. Bc5 Ke6 58. e4 fxg5 59. Be3 g4 60. fxg4
Kd7 61. Kg3 Kc6 62. Ra5 Kd6 63. Bc5+ Ke6 64. Ra6 Kd7 65. Be3 Ke6 66. g5 Kf7 67.
Kg4 g6 68. Bc5 Ke6 69. Bf2 Kd6 70. Bg3 Re7 71. Bf2 Kc6 72. Ra5 Re6 73. Rxa7 Nc4
74. Rf7 Nd6 75. Rf6 Rxf6 76. gxf6 Kd7 77. Kg5 Nxe4+ 78. Kxg6 Nxf6 79. Kxf6 e4
80. Ke5 e3 81. Bxe3 1/2-1/2

[Event "chess.com SpeedChess 2023"]
[Site "chess.com INT"]
[Date "2023.09.11"]
[Round "1.5"]
[White "Caruana, Fabiano"]
[Black "Abdusattorov, Nodirbek"]
[Result "1-0"]
[WhiteTitle "GM"]
[BlackTitle "GM"]
[WhiteElo "2786"]
[BlackElo "2716"]
[WhiteFideId "2020009"]
[BlackFideId "14204118"]
[EventDate "2023.09.04"]
[EventType "k.o."]

1. c4 c5 2. Nc3 Nc6 3. g3 g6 4. Bg2 Bg7 5. e3 e6 6. b3 Nge7 7. Ba3 Qa5 8. Bb2
O-O 9. Nf3 d5 10. O-O Rd8 11. a3 Qc7 12. Rc1 Qd7 13. cxd5 exd5 14. Na4 Bxb2 15.
Nxb2 Qd6 16. Nd3 b6 17. Nf4 Ba6 18. Re1 Rac8 19. h4 Bb7 20. d3 Qf6 21. Qd2 Rc7
22. d4 Na5 23. Rc3 c4 24. b4 Nac6 25. b5 Na5 26. Ne5 Bc8 27. a4 Be6 28. Qb2 Nb7
29. Qb4 Nd6 30. a5 Rb7 31. Ra1 Rdb8 32. axb6 Rxb6 33. Rcc1 Nxb5 34. Qd2 c3 35.
Qe2 a6 36. Nfd3 Bf5 37. Nc5 Rc8 38. g4 Be6 39. g5 Qg7 40. Nxa6 Nf5 41. Nc5 Nbxd4
42. exd4 Nxd4 43. Qe3 Nf5 44. Qxc3 Nxh4 45. Nxe6 1-0

[Event "chess.com SpeedChess 2023"]
[Site "chess.com INT"]
[Date "2023.09.11"]
[Round "1.6"]
[White "Abdusattorov, Nodirbek"]
[Black "Caruana, Fabiano"]
[Result "0-1"]
[WhiteTitle "GM"]
[BlackTitle "GM"]
[WhiteElo "2716"]
[BlackElo "2786"]
[WhiteFideId "14204118"]
[BlackFideId "2020009"]
[EventDate "2023.09.04"]
[EventType "k.o."]

1. d4 Nf6 2. c4 e6 3. Nf3 d5 4. g3 Be7 5. Bg2 O-O 6. Nc3 dxc4 7. Ne5 Nc6 8. Bxc6
bxc6 9. Nxc6 Qe8 10. Nxe7+ Qxe7 11. Qa4 Nd5 12. O-O a5 13. Re1 Qb4 14. a3 Qb6
15. Qxc4 Ba6 16. Nxd5 exd5 17. Qc3 Rfe8 18. Bf4 c6 19. Rac1 Re6 20. Qc5 Qxc5 21.
Rxc5 Bxe2 22. a4 h6 23. Bc7 Rae8 24. Bxa5 g5 25. Bd2 Kg7 26. b4 Kg6 27. Rc3 Kf5
28. Re3 Rxe3 29. fxe3 Bc4 30. Kf2 Ke4 31. Rc1 Re6 32. a5 Rf6+ 33. Kg2 Kd3 34.
Bc3 Kxe3 35. Ra1 Rf2+ 36. Kg1 Rc2 0-1

[Event "chess.com SpeedChess 2023"]
[Site "chess.com INT"]
[Date "2023.09.11"]
[Round "1.7"]
[White "Caruana, Fabiano"]
[Black "Abdusattorov, Nodirbek"]
[Result "1-0"]
[WhiteTitle "GM"]
[BlackTitle "GM"]
[WhiteElo "2786"]
[BlackElo "2716"]
[WhiteFideId "2020009"]
[BlackFideId "14204118"]
[EventDate "2023.09.04"]
[EventType "k.o."]

1. d4 d5 2. Bf4 Nf6 3. Nf3 c5 4. e3 e6 5. Nbd2 Qb6 6. Rb1 Bd7 7. c3 Bd6 8. Bg3
O-O 9. Bd3 Qc7 10. Bh4 Nc6 11. Bxf6 gxf6 12. O-O c4 13. Be2 f5 14. g3 b5 15. Nh4
Kh8 16. Ng2 Rg8 17. b3 Qa5 18. Qc2 Rgc8 19. bxc4 bxc4 20. Rb7 Rc7 21. Rfb1 Qa6
22. Rxc7 Bxc7 23. Nf4 Rb8 24. Rxb8+ Bxb8 25. Qb2 Bd6 26. Bd1 Kg7 27. Nh5+ Kg6
28. h3 Qa3 29. Qc2 Bc7 30. g4 Ne7 31. Nf3 Bc8 32. Nh4+ Kh6 33. f4 1-0

[Event "chess.com SpeedChess 2023"]
[Site "chess.com INT"]
[Date "2023.09.11"]
[Round "1.8"]
[White "Abdusattorov, Nodirbek"]
[Black "Caruana, Fabiano"]
[Result "1/2-1/2"]
[WhiteTitle "GM"]
[BlackTitle "GM"]
[WhiteElo "2716"]
[BlackElo "2786"]
[WhiteFideId "14204118"]
[BlackFideId "2020009"]
[EventDate "2023.09.04"]
[EventType "k.o."]

1. d4 Nf6 2. c4 e6 3. Nf3 d5 4. g3 Be7 5. Bg2 O-O 6. Nc3 dxc4 7. Ne5 Nc6 8. Bxc6
bxc6 9. Nxc6 Qe8 10. Nxe7+ Qxe7 11. Qa4 Nd5 12. O-O a5 13. Re1 Rd8 14. Qxc4 Bb7
15. Qc5 Qxc5 16. dxc5 Nxc3 17. bxc3 f6 18. f3 e5 19. Kf2 Kf7 20. g4 Bc6 21. Be3
Rab8 22. Rab1 Ke6 23. h4 Kd5 24. Rb3 Kc4 25. Reb1 Rxb3 26. axb3+ Kxc3 27. Ke1
Kc2 28. Ra1 Kxb3 29. Rxa5 Ra8 30. Bd2 Kc4 31. Rxa8 Bxa8 32. Ba5 Kxc5 33. Bxc7
Kd5 34. Kf2 Ke6 35. e4 g6 36. Ke3 f5 37. exf5+ gxf5 38. gxf5+ Kxf5 39. f4 exf4+
40. Bxf4 Kg4 41. Bg5 h6 42. Bxh6 Kxh4 1/2-1/2

[Event "chess.com SpeedChess 2023"]
[Site "chess.com INT"]
[Date "2023.09.11"]
[Round "1.9"]
[White "Caruana, Fabiano"]
[Black "Abdusattorov, Nodirbek"]
[Result "0-1"]
[WhiteTitle "GM"]
[BlackTitle "GM"]
[WhiteElo "2786"]
[BlackElo "2716"]
[WhiteFideId "2020009"]
[BlackFideId "14204118"]
[EventDate "2023.09.04"]
[EventType "k.o."]

1. d4 d5 2. Nf3 Nf6 3. Bf4 c5 4. e3 e6 5. Nbd2 Qb6 6. Rb1 Bd7 7. c3 cxd4 8. exd4
Bb5 9. a4 Bxf1 10. Kxf1 Nh5 11. Be3 Bd6 12. g3 Nf6 13. Kg2 O-O 14. Ne5 Nbd7 15.
Nd3 Qc6 16. Re1 a5 17. Ra1 b5 18. axb5 Qxb5 19. Qc2 a4 20. Ra2 Nb6 21. Rea1 Nfd7
22. Nf3 h6 23. Bf4 Bxf4 24. Nxf4 Rfc8 25. Nd3 Rab8 26. Qe2 Nc4 27. Nb4 Ndb6 28.
Ne5 Nd6 29. Qf3 Qe8 30. Na6 Ra8 31. Nc5 f6 32. Ned3 e5 33. Nb4 e4 34. Qf4 Ndc4
35. Qf5 Rd8 36. Qe6+ Qxe6 37. Nxe6 Rd7 38. b3 axb3 39. Rxa8+ Nxa8 40. Rxa8+ Kf7
41. Na6 b2 42. Rb8 Rd6 43. Rb7+ Kxe6 44. Nc5+ Kf5 45. Na4 Rc6 46. Nxb2 Nxb2 47.
Rxb2 Rxc3 48. Rb5 Ke6 49. Rb6+ Kd7 50. Rb7+ Rc7 51. Rb5 Kd6 52. Rb6+ Rc6 53. Rb7
g5 54. Rh7 Rc4 55. Rxh6 Ke6 56. h4 gxh4 57. g4 Kf7 58. Rh7+ Kg6 59. Rxh4 Rxd4
60. Rh5 Rd2 61. Kg3 d4 62. Rd5 d3 63. Kf4 Re2 64. f3 exf3 65. Kxf3 Rd2 66. Rd6
Rd1 67. Kg2 Kg5 68. Kg3 Rg1+ 69. Kf2 Rd1 70. Kg3 d2 71. Rd5+ Kg6 72. Kg2 Kf7 73.
Rd3 Ke6 74. Rd4 Ke5 75. Rd8 Kf4 76. Rd6 Kxg4 77. Rd4+ Kg5 78. Rd5+ f5 79. Rd8
Kg4 80. Rd5 f4 81. Rd4 Kf5 82. Rd8 f3+ 83. Kf2 Rh1 84. Rxd2 Rh2+ 0-1

[Event "chess.com SpeedChess 2023"]
[Site "chess.com INT"]
[Date "2023.09.11"]
[Round "1.10"]
[White "Abdusattorov, Nodirbek"]
[Black "Caruana, Fabiano"]
[Result "0-1"]
[WhiteTitle "GM"]
[BlackTitle "GM"]
[WhiteElo "2716"]
[BlackElo "2786"]
[WhiteFideId "14204118"]
[BlackFideId "2020009"]
[EventDate "2023.09.04"]
[EventType "k.o."]

1. d4 Nf6 2. c4 e6 3. Nf3 d5 4. g3 Be7 5. Bg2 O-O 6. Qc2 dxc4 7. Qxc4 b6 8. O-O
Bb7 9. Bf4 Nd5 10. Nc3 Nxf4 11. gxf4 c5 12. Rfd1 cxd4 13. Nxd4 Bxg2 14. Kxg2 Qd7
15. Rac1 Qb7+ 16. Kg1 a6 17. f5 b5 18. Qb3 exf5 19. Nxf5 Bg5 20. Rc2 Qc8 21. Qd5
Ra7 22. Nd6 Qg4+ 23. Qg2 Qxg2+ 24. Kxg2 Rc7 25. a3 Rd8 26. Rd3 g6 27. e3 Be7 28.
Rcd2 Rcd7 29. Nd5 Kf8 30. Nxe7 Kxe7 31. Nc8+ Rxc8 0-1

[Event "chess.com SpeedChess 2023"]
[Site "chess.com INT"]
[Date "2023.09.11"]
[Round "1.11"]
[White "Caruana, Fabiano"]
[Black "Abdusattorov, Nodirbek"]
[Result "1-0"]
[WhiteTitle "GM"]
[BlackTitle "GM"]
[WhiteElo "2786"]
[BlackElo "2716"]
[WhiteFideId "2020009"]
[BlackFideId "14204118"]
[EventDate "2023.09.04"]
[EventType "k.o."]

1. e4 Nf6 2. e5 Nd5 3. d4 d6 4. exd6 exd6 5. c4 Nb6 6. Nc3 Be7 7. Be2 O-O 8. h3
Bf6 9. Nf3 Nc6 10. O-O Bf5 11. Be3 d5 12. c5 Nc8 13. a3 Be4 14. Nd2 Bg6 15. Nf3
N8e7 16. g4 Nc8 17. b4 Be4 18. Qd2 h6 19. Rad1 Re8 20. Ne5 Bxe5 21. dxe5 Qh4 22.
Kh2 Nxe5 23. f3 Bh7 24. Nxd5 Qd8 25. g5 c6 26. Nf6+ 1-0

[Event "chess.com SpeedChess 2023"]
[Site "chess.com INT"]
[Date "2023.09.11"]
[Round "1.12"]
[White "Abdusattorov, Nodirbek"]
[Black "Caruana, Fabiano"]
[Result "0-1"]
[WhiteTitle "GM"]
[BlackTitle "GM"]
[WhiteElo "2716"]
[BlackElo "2786"]
[WhiteFideId "14204118"]
[BlackFideId "2020009"]
[EventDate "2023.09.04"]
[EventType "k.o."]

1. e4 e5 2. Nf3 Nc6 3. Bc4 Nf6 4. d3 Be7 5. O-O O-O 6. Nc3 d6 7. a4 Bg4 8. h3
Bh5 9. Be3 Nd4 10. Bxd4 exd4 11. Nd5 Nxd5 12. Bxd5 c6 13. Bb3 Bxf3 14. Qxf3 g6
15. g3 Kg7 16. Rae1 Qa5 17. Qg4 Rad8 18. f4 h5 19. Qf3 Rde8 20. h4 Qd8 21. Re2
Qd7 22. Qf2 Qg4 23. Kh2 Bf6 24. e5 Bd8 25. Rfe1 Ba5 26. Rf1 d5 27. Rc1 Bb6 28.
Qg2 f6 29. exf6+ Kxf6 30. Rce1 Re3 31. Rxe3 dxe3 32. c3 d4 33. Qe4 Qf5 34. cxd4
Qxe4 35. dxe4 Bxd4 36. Kg2 Rd8 37. Kf3 Bb6 38. a5 Bxa5 39. Rxe3 Bb6 40. Rc3 Rd2
41. e5+ Kg7 42. Bc2 Bd4 43. Rc4 c5 44. Ba4 Rxb2 45. Bd7 b5 46. Rc1 a5 47. Ke4 a4
48. Kd5 a3 49. e6 Kf6 50. Kd6 Rd2 0-1

[Event "chess.com SpeedChess 2023"]
[Site "chess.com INT"]
[Date "2023.09.11"]
[Round "1.13"]
[White "Caruana, Fabiano"]
[Black "Abdusattorov, Nodirbek"]
[Result "1/2-1/2"]
[WhiteTitle "GM"]
[BlackTitle "GM"]
[WhiteElo "2786"]
[BlackElo "2716"]
[WhiteFideId "2020009"]
[BlackFideId "14204118"]
[EventDate "2023.09.04"]
[EventType "k.o."]

1. e4 e5 2. Nf3 Nc6 3. Bb5 a6 4. Ba4 Nf6 5. d3 d6 6. c3 Be7 7. O-O O-O 8. Re1 b5
9. Bc2 d5 10. Nbd2 dxe4 11. dxe4 Be6 12. a4 b4 13. a5 Qc8 14. Qe2 Rd8 15. h3 Qb7
16. Nc4 b3 17. Bd3 Nd7 18. Be3 h6 19. Red1 Bf8 20. Ncd2 Bc5 21. Nf1 Bxe3 22.
Nxe3 Nc5 23. Nd5 Nxd3 24. Qxd3 Rd6 25. c4 f6 26. Qc3 Rb8 27. Rd2 Qa7 28. c5 Rd7
29. Rad1 Rbd8 30. Qxb3 Kf8 31. Qc3 Qb7 32. b4 Ke8 33. Kh2 Bf7 34. Qe3 Bh5 35. g4
Bf7 36. Nh4 Nd4 37. Nf5 Nxf5 38. gxf5 Bxd5 39. exd5 Rxd5 40. Qf3 c6 41. Rxd5
cxd5 42. Rc1 Qc6 43. Qd3 Rb8 44. Qc3 Kf8 45. Rg1 Rb7 46. h4 d4 47. Qc4 Qf3 48.
Rg2 Qxf5 49. Qxa6 Qf4+ 50. Kg1 Qe4 51. Qd6+ Kf7 52. c6 Re7 53. Rxg7+ Kxg7 54.
Qxe7+ Kg6 55. c7 Qe1+ 56. Kg2 Qe4+ 57. Kf1 Qb1+ 58. Kg2 Qe4+ 59. Kg1 Qe1+ 60.
Kg2 Qe4+ 1/2-1/2

[Event "chess.com SpeedChess 2023"]
[Site "chess.com INT"]
[Date "2023.09.11"]
[Round "1.14"]
[White "Abdusattorov, Nodirbek"]
[Black "Caruana, Fabiano"]
[Result "1-0"]
[WhiteTitle "GM"]
[BlackTitle "GM"]
[WhiteElo "2716"]
[BlackElo "2786"]
[WhiteFideId "14204118"]
[BlackFideId "2020009"]
[EventDate "2023.09.04"]
[EventType "k.o."]

1. d4 Nf6 2. c4 e6 3. Nf3 d5 4. g3 Be7 5. Bg2 O-O 6. Qc2 dxc4 7. Qxc4 b6 8. O-O
Bb7 9. Bf4 c5 10. dxc5 Bxc5 11. Nc3 Nbd7 12. Rad1 a6 13. Bd6 Bxd6 14. Rxd6 Rc8
15. Qf4 Qe7 16. Rfd1 b5 17. a3 Nc5 18. Ne5 Bxg2 19. Kxg2 h6 20. Qf3 Qc7 21. Qe3
Na4 22. Nxa4 bxa4 23. Nd7 Nxd7 24. Rxd7 Qc6+ 25. f3 Rb8 26. R7d6 Qc4 27. R1d2
Rb7 28. R6d4 Qc6 29. Qe4 Qxe4 30. Rxe4 Rfb8 31. Rxa4 Rxb2 32. Rxb2 Rxb2 33. Kf2
Rb6 34. Ke3 Kf8 35. Kd4 Ke7 36. Rc4 Rb2 37. Kd3 Kd6 38. Ra4 Rb6 39. h4 h5 40.
Ra5 e5 41. Ke4 g6 42. Rxe5 Rb2 43. e3 Rg2 44. Rg5 Ke6 45. Kf4 Rc2 46. Ra5 Rc6
47. e4 f6 48. g4 hxg4 49. fxg4 Rb6 50. h5 Kf7 51. Rc5 Kg7 52. a4 Kh6 53. a5 Rd6
54. Rd5 Rc6 55. hxg6 Kxg6 56. Rf5 Rc1 57. Rd5 Ra1 58. g5 1-0

[Event "chess.com SpeedChess 2023"]
[Site "chess.com INT"]
[Date "2023.09.11"]
[Round "1.15"]
[White "Caruana, Fabiano"]
[Black "Abdusattorov, Nodirbek"]
[Result "0-1"]
[WhiteTitle "GM"]
[BlackTitle "GM"]
[WhiteElo "2786"]
[BlackElo "2716"]
[WhiteFideId "2020009"]
[BlackFideId "14204118"]
[EventDate "2023.09.04"]
[EventType "k.o."]

1. e4 c5 2. Nf3 g6 3. c3 d5 4. e5 Bg4 5. d4 Nc6 6. Nbd2 e6 7. h3 Bxf3 8. Nxf3
cxd4 9. cxd4 Bb4+ 10. Bd2 Qb6 11. a3 Bxd2+ 12. Qxd2 Nge7 13. b4 Nf5 14. Rd1 Rc8
15. g4 Nfe7 16. Be2 h6 17. Kf1 g5 18. h4 Kd7 19. hxg5 hxg5 20. Rxh8 Rxh8 21. Kg2
Rg8 22. Qe3 Ng6 23. Qxg5 Qc7 24. Qe3 Nge7 25. Ng5 Rg7 26. Rh1 Qb6 27. Rd1 Nxd4
28. Rxd4 Rxg5 29. Rxd5+ Nxd5 30. Qxg5 Qd4 31. Bf3 Nf4+ 32. Kg3 Nd3 33. Qe3 Qxe3
34. fxe3 b6 35. Be2 Nxe5 36. g5 Ke7 37. Kf4 Nd7 38. Bb5 Nf8 39. a4 Ng6+ 40. Ke4
Kd6 41. a5 Ne7 42. Be8 Nd5 43. Bxf7 Ke7 44. g6 Kf6 45. axb6 axb6 46. b5 Nc3+ 47.
Kf4 Nxb5 48. Be8 Nd6 49. Bd7 e5+ 50. Kf3 Kxg6 51. Ke2 Kg5 52. Kd3 Kh4 53. Be6
Kg5 54. e4 Kf6 55. Bd5 Ke7 56. Ke3 Kd7 57. Kf3 Ne8 58. Ke3 Kd6 59. Bf7 Nc7 60.
Kd3 Kc5 61. Kc3 b5 62. Kd3 b4 63. Bb3 Nb5 64. Bd5 Nc7 65. Bg8 Ne8 66. Bf7 Nf6
67. Be6 Nh5 68. Bg8 Nf4+ 69. Ke3 Kc6 70. Bc4 Kb6 71. Bb3 Kb5 72. Kf3 Kc5 73. Ke3
Ng6 74. Kd3 Ne7 75. Ke3 Nc6 76. Kd3 Na5 77. Bd5 Kb5 78. Kc2 Nc4 79. Kd3 Nb6 80.
Bb3 Nd7 81. Bf7 Nc5+ 82. Ke3 Ka4 83. Kf3 b3 84. Kg4 Ka3 85. Bxb3 Kxb3 86. Kf5
Nd3 0-1

[Event "chess.com SpeedChess 2023"]
[Site "chess.com INT"]
[Date "2023.09.11"]
[Round "1.16"]
[White "Abdusattorov, Nodirbek"]
[Black "Caruana, Fabiano"]
[Result "1-0"]
[WhiteTitle "GM"]
[BlackTitle "GM"]
[WhiteElo "2716"]
[BlackElo "2786"]
[WhiteFideId "14204118"]
[BlackFideId "2020009"]
[EventDate "2023.09.04"]
[EventType "k.o."]

1. d4 Nf6 2. Nf3 d5 3. c4 e6 4. g3 Be7 5. Bg2 O-O 6. Nc3 dxc4 7. Ne5 Nc6 8. Bxc6
bxc6 9. Nxc6 Qe8 10. Nxe7+ Qxe7 11. Qa4 c5 12. dxc5 Qxc5 13. Be3 Qc7 14. f3 Rd8
15. Kf2 a5 16. Rhd1 Nd5 17. Nxd5 exd5 18. Qc2 Be6 19. Bd4 f6 20. Kg2 h6 21. Bc3
a4 22. a3 Re8 23. Rd4 Qf7 24. Rad1 Qh5 25. h4 Qf7 26. g4 h5 27. gxh5 Qxh5 28.
Kf2 Kh8 29. Rg1 Bf5 30. Qd2 Ra6 31. Qf4 Rae6 32. Rd2 Kh7 33. Rg3 R8e7 34. Rxd5
Rxe2+ 35. Kg1 g6 36. Rd8 Kg7 37. Rg5 Re1+ 38. Bxe1 fxg5 39. Bc3+ Kf7 40. Qd4 Re6
41. Qg7# 1-0

[Event "chess.com SpeedChess 2023"]
[Site "chess.com INT"]
[Date "2023.09.11"]
[Round "1.17"]
[White "Caruana, Fabiano"]
[Black "Abdusattorov, Nodirbek"]
[Result "0-1"]
[WhiteTitle "GM"]
[BlackTitle "GM"]
[WhiteElo "2786"]
[BlackElo "2716"]
[WhiteFideId "2020009"]
[BlackFideId "14204118"]
[EventDate "2023.09.04"]
[EventType "k.o."]

1. e4 e5 2. Nf3 Nc6 3. Bb5 a6 4. Ba4 Nf6 5. d3 d6 6. c3 Be7 7. O-O O-O 8. Re1 b5
9. Bc2 Bb7 10. Nbd2 Nb8 11. Nf1 Nbd7 12. d4 Re8 13. Ng3 Bf8 14. a4 c5 15. d5 c4
16. Bg5 h6 17. Be3 g6 18. h3 Qc7 19. Qe2 Reb8 20. Nd2 Nc5 21. Rec1 Bc8 22. a5
Bd7 23. b4 cxb3 24. Bxb3 Rc8 25. Bd1 Rab8 26. c4 b4 27. Bxc5 dxc5 28. Ba4 Bxa4
29. Rxa4 h5 30. Nb3 Ne8 31. Rd1 Nd6 32. Ra2 Qd7 33. Nf1 Rc7 34. Nh2 Re8 35. Nf3
Bh6 36. Re1 Kg7 37. Qd3 Kh7 38. Rae2 f6 39. Kh2 Qa4 40. g3 Qd7 41. Kg2 Qc8 42.
Ra2 Rce7 43. Ree2 f5 44. Nfd2 f4 45. Nf3 Rf8 46. Ra1 g5 47. gxf4 Rxf4 48. Nh2 g4
49. hxg4 Rg7 50. Rh1 hxg4 51. Nf1 Rf3 52. Qc2 Rgf7 53. Ng3 Kg6 54. Rh2 Qf8 55.
Nxc5 b3 56. Nxb3 Bf4 57. Nc5 Bxg3 58. fxg3 Nxc4 59. Nd3 Qc8 60. Nxe5+ Kg7 61.
Qxc4 Qb8 62. Qd4 R7f6 63. d6 Qb1 64. Nxf3 gxf3+ 65. Kh3 fxe2 66. Rxe2 Qf1+ 67.
Rg2 Kf8 68. Qg1 Qf3 69. Kh4 Rh6+ 70. Kg5 Rh5+ 71. Kg6 Qf7# 0-1

[Event "chess.com SpeedChess 2023"]
[Site "chess.com INT"]
[Date "2023.09.11"]
[Round "1.18"]
[White "Abdusattorov, Nodirbek"]
[Black "Caruana, Fabiano"]
[Result "1-0"]
[WhiteTitle "GM"]
[BlackTitle "GM"]
[WhiteElo "2716"]
[BlackElo "2786"]
[WhiteFideId "14204118"]
[BlackFideId "2020009"]
[EventDate "2023.09.04"]
[EventType "k.o."]

1. e4 e5 2. Nf3 Nc6 3. Nc3 Nf6 4. a4 a6 5. d4 exd4 6. Nxd4 Bb4 7. Nxc6 bxc6 8.
Bd3 O-O 9. O-O d6 10. Bg5 h6 11. Bh4 g5 12. Bg3 Re8 13. f4 Ng4 14. Qd2 Bc5+ 15.
Kh1 Be3 16. Qe2 gxf4 17. Bxf4 Bxf4 18. Rxf4 Qg5 19. Raf1 Be6 20. Bc4 d5 21. exd5
cxd5 22. Bxd5 Nxh2 23. Ne4 Nxf1 24. Qxf1 Qh5+ 25. Kg1 Qe5 26. Bxa8 Rxa8 27. Qf2
Rd8 28. Qg3+ Kh8 29. Qh4 Rd1+ 30. Kh2 h5 31. Ng3 Rd2 32. Nxh5 Kg8 33. Nf6+ Kf8
34. Qh8+ Ke7 35. Qe8+ Kd6 36. Qd8+ 1-0

[Event "chess.com SpeedChess 2023"]
[Site "chess.com INT"]
[Date "2023.09.11"]
[Round "1.19"]
[White "Caruana, Fabiano"]
[Black "Abdusattorov, Nodirbek"]
[Result "1-0"]
[WhiteTitle "GM"]
[BlackTitle "GM"]
[WhiteElo "2786"]
[BlackElo "2716"]
[WhiteFideId "2020009"]
[BlackFideId "14204118"]
[EventDate "2023.09.04"]
[EventType "k.o."]

1. d4 d5 2. Nf3 Nf6 3. Bf4 c5 4. e3 e6 5. Nbd2 Qb6 6. Rb1 Bd7 7. c3 Bd6 8. Bg3
O-O 9. Bd3 h6 10. Qe2 a6 11. a3 Bxg3 12. hxg3 Bb5 13. Bxb5 axb5 14. dxc5 Qxc5
15. Nd4 Nbd7 16. Qxb5 Qc7 17. Qe2 Ne5 18. O-O Rfc8 19. e4 dxe4 20. Nxe4 Nxe4 21.
Qxe4 Nc4 22. Qe2 Qb6 23. Rfd1 Qa6 24. a4 Rd8 25. b3 Nd6 26. Qxa6 bxa6 27. Nc6
Rd7 28. b4 Rc8 29. Rxd6 1-0

[Event "chess.com SpeedChess 2023"]
[Site "chess.com INT"]
[Date "2023.09.11"]
[Round "1.20"]
[White "Abdusattorov, Nodirbek"]
[Black "Caruana, Fabiano"]
[Result "0-1"]
[WhiteTitle "GM"]
[BlackTitle "GM"]
[WhiteElo "2716"]
[BlackElo "2786"]
[WhiteFideId "14204118"]
[BlackFideId "2020009"]
[EventDate "2023.09.04"]
[EventType "k.o."]

1. e4 e5 2. Nf3 Nc6 3. Bb5 Nf6 4. d3 Bc5 5. Bg5 h6 6. Bh4 d6 7. Nc3 g5 8. Bg3 a6
9. Bxc6+ bxc6 10. d4 exd4 11. Nxd4 O-O 12. O-O Bg4 13. Qd3 Qd7 14. h3 Be6 15. e5
Nh5 16. Ne4 Bxd4 17. Qxd4 d5 18. Nc5 Qe7 19. Bh2 Kh8 20. g4 Ng7 21. f4 gxf4 22.
Bxf4 Rg8 23. Kh2 h5 24. Bd2 Ne8 25. Kg3 hxg4 26. h4 Ng7 27. Bg5 Nh5+ 28. Kg2
Rxg5 29. hxg5 Qxg5 30. Nxe6 fxe6 31. Rf7 Kg8 32. Raf1 Qh4 33. Qd3 Ng7 34. R1f6
Nf5 35. Rxc7 g3 36. Rxf5 Qh2+ 37. Kf3 Qf2+ 38. Kg4 exf5+ 39. Kg5 g2 40. Kf6 g1=Q
41. Qh3 Qfh2 42. Qxf5 Qh6+ 0-1

[Event "chess.com SpeedChess 2023"]
[Site "chess.com INT"]
[Date "2023.09.11"]
[Round "1.21"]
[White "Caruana, Fabiano"]
[Black "Abdusattorov, Nodirbek"]
[Result "1-0"]
[WhiteTitle "GM"]
[BlackTitle "GM"]
[WhiteElo "2786"]
[BlackElo "2716"]
[WhiteFideId "2020009"]
[BlackFideId "14204118"]
[EventDate "2023.09.04"]
[EventType "k.o."]

1. d4 Nf6 2. Nf3 d5 3. Bf4 c5 4. e3 e6 5. Nbd2 Qb6 6. Rb1 Bd7 7. c3 cxd4 8. exd4
Bb5 9. a4 Bxf1 10. Kxf1 Nh5 11. Be3 Bd6 12. Ne5 Nf6 13. Nd3 O-O 14. g3 Qa6 15.
Qc2 Nbd7 16. Kg2 Rfc8 17. h4 Nb6 18. Ra1 Nc4 19. Rhe1 h6 20. Nf3 Ne4 21. Bf4
Bxf4 22. Nxf4 Qd6 23. Nd3 Rab8 24. Nde5 Nxe5 25. Nxe5 a5 26. Nd3 b5 27. axb5
Rxb5 28. Qe2 Rcb8 29. Ra2 Qc7 30. Rea1 Nd6 31. Nc5 Re8 32. b3 e5 33. Qd3 e4 34.
Qe2 Qc6 35. Qg4 Qc7 36. Qf4 Qd8 37. b4 axb4 38. Ra8 Qf6 39. Rxe8+ Nxe8 40. Ra8
Qxf4 41. Rxe8+ Kh7 42. gxf4 b3 43. Nxb3 Rxb3 44. Rc8 Kg6 45. Rc5 h5 46. f5+ Kf6
47. Kg3 Kxf5 48. Rxd5+ Kg6 49. Rc5 f6 50. Kf4 Rb2 51. Kxe4 Rxf2 52. d5 Rd2 53.
c4 Kh6 54. Rc8 g5 55. hxg5+ fxg5 56. c5 h4 57. c6 Kg7 58. c7 Rc2 59. d6 h3 60.
Ra8 h2 61. Ra1 g4 62. d7 g3 63. d8=Q g2 64. Qg5+ Kf7 65. Qh5+ 1-0

[Event "chess.com SpeedChess 2023"]
[Site "chess.com INT"]
[Date "2023.09.11"]
[Round "1.22"]
[White "Abdusattorov, Nodirbek"]
[Black "Caruana, Fabiano"]
[Result "1-0"]
[WhiteTitle "GM"]
[BlackTitle "GM"]
[WhiteElo "2716"]
[BlackElo "2786"]
[WhiteFideId "14204118"]
[BlackFideId "2020009"]
[EventDate "2023.09.04"]
[EventType "k.o."]

1. e4 e5 2. Nf3 Nc6 3. Bb5 a6 4. Ba4 Nf6 5. O-O b5 6. Bb3 Bc5 7. d3 d6 8. Be3
O-O 9. Bxc5 dxc5 10. Nc3 Qd6 11. Nd5 Bg4 12. h3 Bxf3 13. Qxf3 Nxd5 14. Bxd5 Nd4
15. Qd1 c6 16. Bb3 g6 17. Re1 Kg7 18. c3 Ne6 19. Re3 h5 20. g3 h4 21. Qg4 hxg3
22. fxg3 c4 23. dxc4 Qc5 24. Re1 bxc4 25. Bc2 Rab8 26. b4 cxb3 27. Bxb3 Nc7 28.
h4 Nb5 29. h5 Qd6 30. Qg5 Rh8 31. Rf1 Rbf8 32. Ref3 Rxh5 33. Rxf7+ Rxf7 34.
Rxf7+ Kh8 35. Qg4 Qc5+ 36. Kg2 Nd6 37. Qxg6 Nxf7 38. Qxh5+ 1-0